000 00801nam a22002057a 4500
003 OSt
005 20260203034132.0
008 260203b |||||||| |||| 00| 0 eng d
020 _a0-8108-20902-9
040 _aDWC-Main Lib
_cOC
082 _aGR. 791.45 L246 1996
100 _aLance, S.
245 _aWritten out of television :
_bthe encyclopedia of cast changes and character replacements, 1945-1994
_cLance, Steven
260 _aLanham, Md. :
_bThe Scarecrow Press, Inc.,
_cc1996
300 _axv, 507 pages :
_c28 cm.
504 _aIncludes bibliographical references and index
650 _a1. Television programs--United States-- casting.
650 _a2. Television--Programmes (Broadcasting)--U.S.
942 _2ddc
_cGR
_hGR. 791.45 L246 1996
_kGR.
_n0
999 _c8176
_d8176